Who is the Athlete? - Statistics

General Stats
  • This quiz has been taken 3 times
  • The average score is 7 of 15
Answer Stats
Hint Answer % Correct
What NBA player got blackballed from the Dream Team? Isiah Thomas
100%
What Washington Wizards all-star player had a loaded gun pointed at him by his teammate, after some trash talking in 2009? Gilbert Arenas
67%
This NBA player for the New York Knicks won Most Improved Player in 2020-2021, despite averaging 20 ppg the year before. Julius Randle
67%
What former NFL player is now a host on Good Morning America? Michael Strahan
67%
What MLB player holds the record for the longest career with 27 seasons under his belt? Nolan Ryan
67%
What golf player was arrested on his way to the PGA Championship in 2024? Scottie Scheffler
67%
What MLB player was nicknamed the "Say Hey Kid?" Willie Mays
67%
What Marlins pitcher died in a boating accident in 2016? José Fernández
33%
Who won the Olympic gold medal for the men's 100m race in the 2024 Paris Olympics? Noah Lyles
33%
This former Utah Jazz player holds the record for the highest PPG in NCAA history. Pete Maravich
33%
What MLB player won the NL Cy Young award in 2012, while primarily throwing a knuckleball? R.A. Dickey
33%
This NFL wide receiver won the triple crown in 2005. Steve Smith
33%
This USA men's soccer player was nicknamed the "LeBron James of soccer" during the 2022 World Cup. Christian Pulisic
0%
For the 2024-2025 NBA season, the Brooklyn Nets finished the season with one FORMER all-star. Who was it? D'Angelo Russell
0%
This NFL head coach beat out Calvin Johnson for Georgia's Offensive Player of the Year in high school. Sean McVay
0%
No matching quizzes found
Score Distribution
Percent of People with Each Score
Percentile by Number Answered
Your Score History
You have not taken this quiz